Statistics for Countries Yoon Suk Yeol has Visited

Click here to take the quiz!

General Stats

  • This quiz has been taken 11 times
  • The average score is 10 of 13

Answer Stats

ContinentCountry% Correct
North AmericaUnited States of America
100%
AsiaJapan
89%
EuropeUnited Kingdom
89%
North AmericaCanada
78%
France
78%
EuropeSpain
78%
AsiaUnited Arab Emirates
78%
AsiaVietnam
78%
AsiaCambodia
67%
AsiaIndonesia
67%
EuropeSwitzerland
67%
Poland
56%
EuropeUkraine
56%

Score Distribution

Percentile by Number Answered

Percent of People with Each Score

Your Score History

You have not taken this quiz